| 000 | 01558nam0a2200301 4500 | ||
|---|---|---|---|
| 001 | RU\NLR\bibl\1155724 | ||
| 005 | 20250615081402.0 | ||
| 010 |
_a978-5-7253-1571-4 _9100 |
||
| 021 |
_aRU _b2007-70034 _93762 |
||
| 035 | _a(NLR Aleph) 001142500 | ||
| 090 |
_a1426639 _c1426639 |
||
| 100 | _a20071116d2007 |||y0rusy50 ca | ||
| 101 | 0 | _arus | |
| 102 | _aRU | ||
| 105 | _aa ||||||||| | ||
| 200 | 1 |
_aФормирование и модернизация отраслевой структуры национальной экономики _eучебное пособие _e[для аспирантов, магистрантов, студентов, изучающих экономическую теорию, экономику общественного сектора] _fИ.С. Шавкунова _gФедер. агентство по образованию, Байк. гос. ун-т экономики и права |
|
| 210 |
_aИркутск _cИзд-во БГУЭП _d2007 |
||
| 215 |
_a83 с. _cил. _d22 |
||
| 320 | _aБиблиогр.: с. 82-83 (26 назв.) | ||
| 606 | 1 |
_aНациональная экономика _jУчебные издания для высших учебных заведений _xОтраслевая структура _xТеория _92395567 _3RU\NLR\auth\661428322 |
|
| 686 | _aУ010.3я73 | ||
| 700 | 1 |
_aШавкунова _bИ. С. _gИрина Сергеевна _4070 |
|
| 801 | 0 |
_aRU _bNLR _c20071116 _gRCR |
|
| 801 | 1 |
_aRU _bNLR _c20071116 |
|
| 830 | _aавт. по кн. | ||
| 942 | _cBOOK | ||
| 980 | _aNB | ||